[Event "Gran Canaria Vecindario op 1st"]
[Site "Gran Canaria"]
[Date "2023.11.04"]
[Round "5"]
[White "Gaurishanker Navarro, Elgin"]
[Black "Paz Mendez, German Christopher"]
[Result "0-1"]
[WhiteElo "1561"]
[BlackElo "1903"]
[PlyCount "96"]
[EventDate "2023.11.04"]
[EventType "swiss"]
[EventRounds "9"]
[EventCountry "ESP"]
[SourceTitle "CB46_2023"]
[SourceDate "2023.11.15"]
[SourceVersion "1"]
[SourceVersionDate "2023.11.15"]
[SourceQuality "1"]

1. d4 d5 2. c4 e5 3. dxe5 d4 4. Nf3 Nc6 5. Nbd2 Be6 6. g3 Qd7 7. h3 Nge7 8. b3 Ng6 9. Ng5 Ngxe5 10. Bg2 Be7 11. Nxe6 Qxe6 12. 0-0 f5 13. Nf3 Nxf3+ 14. Bxf3 Bf6 15. Bb2 0-0-0 16. Qd2 Rd7 17. Rfc1 g5 18. Bg2 h5 19. b4 Rhd8 20. b5 Ne5 21. Qa5 Kb8 22. c5 Nc4 23. Rxc4 Qxc4 24. c6 Re7 25. Bf3 g4 26. Rc1 Qe6 27. hxg4 hxg4 28. Bg2 Qxe2 29. cxb7 Qxb2 30. Rc6 d3 31. b6 Qxb6 32. Rxb6 cxb6 33. Qd2 Bc3 34. Qf4+ Rc7 35. Qc1 d2 36. Qd1 Bb4 37. Qe2 Rc1+ 38. Kh2 d1Q 39. Qe5+ Qd6 40. Qb2 Rdc8 41. bxc8Q+ Rxc8 42. Qb3 Rh8+ 43. Kg1 Bc5 44. Qf7 Qd1+ 45. Bf1 Rh1+ 46. Kxh1 Qxf1+ 47. Kh2 Qxf2+ 48. Kh1 Qg1# 0-1

[Event "Gran Canaria-ch U20"]
[Site "Vecindario"]
[Date "2023.04.24"]
[Round "6.1"]
[White "Gaurishanker Navarro, Elgin"]
[Black "Perdomo Leon, Isaac Unai"]
[Result "1-0"]
[WhiteElo "1675"]
[BlackElo "1036"]
[PlyCount "67"]
[EventDate "2023.04.12"]
[EventType "swiss"]
[EventRounds "7"]
[EventCountry "ESP"]
[SourceTitle "EXT 2024"]
[Source "ChessBase"]
[SourceDate "2023.10.10"]
[SourceVersion "1"]
[SourceVersionDate "2023.10.10"]
[SourceQuality "1"]

1. Nf3 Nf6 2. g3 d5 3. Bg2 Bg4 4. h3 Bxf3 5. Bxf3 e6 6. 0-0 Be7 7. d3 c6 8. Nd2 Nbd7 9. e4 0-0 10. Qe2 Qc7 11. Bg2 Bd6 12. f4 e5 13. f5 h6 14. g4 Rfe8 15. h4 Nh7 16. Kh1 Qd8 17. Nf3 Be7 18. Qf2 dxe4 19. dxe4 Ndf6 20. Nh2 Nd7 21. Nf3 Ndf6 22. Qe1 Nxg4 23. Bh3 Nhf6 24. Bxg4 Nxg4 25. Qg3 h5 26. Ng5 Qd4 27. c3 Qb6 28. Nh3 Rad8 29. Nf2 Nxf2+ 30. Rxf2 Rd1+ 31. Kh2 Qd8 32. Bh6 Bf6 33. Bxg7 Bxg7 34. f6 1-0

[Event "Gran Canaria-ch U20"]
[Site "Vecindario"]
[Date "2023.04.21"]
[Round "5.2"]
[White "Yuan, Ying Jie"]
[Black "Gaurishanker Navarro, Elgin"]
[Result "0-1"]
[WhiteElo "1554"]
[BlackElo "1675"]
[PlyCount "55"]
[EventDate "2023.04.12"]
[EventType "swiss"]
[EventRounds "7"]
[EventCountry "ESP"]
[SourceTitle "EXT 2024"]
[Source "ChessBase"]
[SourceDate "2023.10.10"]
[SourceVersion "1"]
[SourceVersionDate "2023.10.10"]
[SourceQuality "1"]

1. c4 e5 2. Nc3 Nf6 3. g3 Bb4 4. Bg2 0-0 5. a3 Bxc3 6. bxc3 c6 7. d4 e4 8. Bg5 d5 9. Qb3 Nbd7 10. Bh3 Qa5 11. Bxd7 dxc4 12. Qxc4 Qxg5 13. Nh3 Qh6 14. Bxc8 Raxc8 15. Nf4 Ng4 16. e3 g5 17. Ng2 c5 18. d5 Qf6 19. Ra2 b5 20. Qxe4 Qxc3+ 21. Ke2 Nf6 22. Qf5 h6 23. Rc2 Qb3 24. Rd2 Qc4+ 25. Ke1 Ne4 26. Rd1 Qc3+ 27. Kf1 Qc2 28. Ke1 0-1

[Event "Vecindario Montalvo Memorial 15th"]
[Site "Vecindario"]
[Date "2023.04.06"]
[Round "6"]
[White "Gaurishanker Navarro, Elgin"]
[Black "Rivero Reyes, Alejandro"]
[Result "1-0"]
[WhiteElo "1675"]
[BlackElo "1620"]
[PlyCount "77"]
[EventDate "2023.04.02"]
[EventType "swiss"]
[EventRounds "9"]
[EventCountry "ESP"]
[SourceTitle "CBM 213 Extra"]
[Source "ChessBase"]
[SourceDate "2023.05.31"]
[SourceVersion "1"]
[SourceVersionDate "2023.05.31"]
[SourceQuality "1"]

1. Nf3 Nf6 2. g3 g6 3. b3 Bg7 4. Bb2 d5 5. Bg2 0-0 6. 0-0 c5 7. e3 Nc6 8. d3 Qc7 9. c4 dxc4 10. bxc4 Rd8 11. Qe2 Bf5 12. e4 Bg4 13. a3 Nd4 14. Bxd4 Rxd4 15. Nc3 a6 16. e5 Nd7 17. Nd5 Rxd5 18. cxd5 Nxe5 19. Rab1 b5 20. Qe3 Nxf3+ 21. Bxf3 Bd4 22. Qe2 Bxf3 23. Qxf3 Qd6 24. Qe4 Rd8 25. Rfe1 Bf6 26. a4 b4 27. Qc4 a5 28. Qb5 Qc7 29. Qc4 Qd6 30. Qb5 Qc7 31. Qc4 Qd6 32. Rbc1 Bd4 33. Qb5 Qc7 34. Re4 Rxd5 35. Qe8+ Kg7 36. Rxe7 Qd8 37. Qxf7+ Kh6 38. Qxh7+ Kg5 39. Qh4+ 1-0

[Event "Gran Canaria U1900 op"]
[Site "Gran Canaria"]
[Date "2023.01.04"]
[Round "7"]
[White "Gaurishanker Navarro, Elgin"]
[Black "Camino Carrio, Nicanor"]
[Result "1/2-1/2"]
[WhiteElo "1602"]
[BlackElo "1892"]
[PlyCount "71"]
[EventDate "2022.12.27"]
[EventType "swiss"]
[EventRounds "7"]
[EventCountry "ESP"]
[SourceTitle "CBM 212 Extra"]
[Source "ChessBase"]
[SourceDate "2023.03.31"]
[SourceVersion "1"]
[SourceVersionDate "2023.03.31"]
[SourceQuality "1"]

1. e4 c5 2. Nf3 d6 3. d4 cxd4 4. Qxd4 Nc6 5. Qe3 g6 6. Be2 Bg7 7. 0-0 Nf6 8. h3 0-0 9. Nc3 a6 10. Rd1 Qc7 11. Qf4 Ne5 12. Nxe5 dxe5 13. Qf3 b5 14. Bd3 Bb7 15. Be3 Rad8 16. a3 Nh5 17. g4 Nf4 18. Bf1 e6 19. Rxd8 Rxd8 20. Rd1 Rf8 21. g5 Bc6 22. Ne2 Qb7 23. Bxf4 Bxe4 24. Qb3 exf4 25. Nxf4 Qe7 26. h4 h6 27. Re1 Bb7 28. Qg3 hxg5 29. hxg5 Rc8 30. c3 Rc5 31. Nh3 e5 32. Bg2 Bc8 33. Qe3 Bf5 34. Nf4 Qd6 35. Ne2 Rc4 36. Ng3 1/2-1/2

[Event "Gran Canaria U1900 op"]
[Site "Gran Canaria"]
[Date "2023.01.03"]
[Round "6"]
[White "Gaurishanker Navarro, Elgin"]
[Black "Rivero Pena, Himar"]
[Result "1-0"]
[WhiteElo "1602"]
[BlackElo "1678"]
[PlyCount "65"]
[EventDate "2022.12.27"]
[EventType "swiss"]
[EventRounds "7"]
[EventCountry "ESP"]
[SourceTitle "CBM 212 Extra"]
[Source "ChessBase"]
[SourceDate "2023.03.31"]
[SourceVersion "1"]
[SourceVersionDate "2023.03.31"]
[SourceQuality "1"]

1. b3 e5 2. Bb2 Nc6 3. c4 g6 4. e3 Bg7 5. Nf3 Nge7 6. Be2 0-0 7. d3 d5 8. cxd5 Nxd5 9. a3 Re8 10. 0-0 e4 11. Nd4 Nxd4 12. exd4 Nf4 13. dxe4 Nxe2+ 14. Qxe2 Bxd4 15. Rd1 c5 16. Bxd4 cxd4 17. Qd3 Be6 18. Nd2 Qf6 19. h3 Rac8 20. Rac1 a6 21. Nf3 Rcd8 22. Rc7 b5 23. Rc6 Ra8 24. Rd6 Qe7 25. e5 f6 26. Qxd4 fxe5 27. Nxe5 Bxb3 28. Nc6 Qe4 29. Qf6 Re6 30. Rd8+ Rxd8 31. Rxd8+ Re8 32. Rd7 Qe1+ 33. Kh2 1-0

[Event "Vecindario Montalvo Memorial 14th"]
[Site "Vecindario"]
[Date "2022.09.08"]
[Round "6"]
[White "Sanchez Quintero, Raul"]
[Black "Gaurishanker Navarro, Elgin"]
[Result "1-0"]
[WhiteElo "1869"]
[BlackElo "1526"]
[PlyCount "96"]
[EventDate "2022.09.04"]
[EventType "swiss"]
[EventRounds "9"]
[EventCountry "ESP"]
[SourceTitle "CBM 210 Extra"]
[Source "ChessBase"]
[SourceDate "2022.11.30"]
[SourceVersion "1"]
[SourceVersionDate "2022.11.30"]
[SourceQuality "1"]

1. e4 e5 2. Nf3 Nc6 3. Bb5 Nf6 4. d3 Bc5 5. 0-0 d6 6. c3 0-0 7. Bg5 a6 8. Ba4 b5 9. Bc2 h6 10. Bh4 Bb6 11. Nbd2 Bb7 12. Kh1 Nb8 13. Qe2 Nbd7 14. Rad1 c5 15. Nb3 Qc7 16. d4 Rac8 17. d5 c4 18. Nbd2 a5 19. Bxf6 Nxf6 20. Nh4 Rfe8 21. Nf5 Kh7 22. f4 exf4 23. Qf3 g6 24. Qxf4 gxf5 25. Qxf5+ Kg8 26. Qxf6 Be3 27. Rf3 Bg5 28. Rg3 Kf8 29. Qd4 Qc5 30. Nf3 Qxd4 31. Nxd4 b4 32. Rf1 Rcd8 33. Ne6+ Rxe6 34. dxe6 f6 35. Rxg5 hxg5 36. Rxf6+ Kg8 37. cxb4 axb4 38. h4 gxh4 39. Ba4 Rf8 40. e7 Rxf6 41. e8Q+ Kg7 42. Qe7+ Rf7 43. Qxd6 h3 44. Bc6 Rf1+ 45. Kh2 hxg2 46. Qg3+ Kf8 47. Kxg2 Rf7 48. Bxb7 Rxb7 1-0

[Event "Vecindario Montalvo Memorial 14th"]
[Site "Vecindario"]
[Date "2022.09.04"]
[Round "2"]
[White "Gavilan Ledesma, Kevin"]
[Black "Gaurishanker Navarro, Elgin"]
[Result "1/2-1/2"]
[WhiteElo "1296"]
[BlackElo "1526"]
[PlyCount "52"]
[EventDate "2022.09.04"]
[EventType "swiss"]
[EventRounds "9"]
[EventCountry "ESP"]
[SourceTitle "CBM 210 Extra"]
[Source "ChessBase"]
[SourceDate "2022.11.30"]
[SourceVersion "1"]
[SourceVersionDate "2022.11.30"]
[SourceQuality "1"]

1. e4 c5 2. c3 Nf6 3. e5 Nd5 4. d4 cxd4 5. cxd4 Nc6 6. Nf3 e6 7. a3 Be7 8. Nc3 Nxc3 9. bxc3 d6 10. Bb5 0-0 11. exd6 Qxd6 12. 0-0 a6 13. Bc4 b5 14. Bb3 Bb7 15. Re1 Rfd8 16. Ng5 h6 17. Ne4 Qc7 18. Qh5 Na5 19. Bc2 Bxe4 20. Bxe4 Qxc3 21. Bxh6 gxh6 22. Qxh6 Qxd4 23. Bh7+ Kh8 24. Be4+ Kg8 25. Bh7+ Kh8 26. Be4+ Kg8 1/2-1/2

[Event "Gran Canaria Cabildo Cup"]
[Site "Gran Canaria"]
[Date "2022.04.10"]
[Round "1"]
[White "Sanchez Quintero, Raul"]
[Black "Gaurishanker Navarro, Elgin"]
[Result "1-0"]
[WhiteElo "1868"]
[BlackElo "1185"]
[PlyCount "69"]
[EventDate "2022.04.10"]
[EventType "swiss"]
[EventRounds "7"]
[EventCountry "ESP"]
[SourceTitle "CBM 207 Extra"]
[Source "ChessBase"]
[SourceDate "2022.05.31"]
[SourceVersion "1"]
[SourceVersionDate "2022.05.31"]
[SourceQuality "1"]

1. e4 c6 2. d4 d5 3. e5 Bf5 4. h4 h5 5. Nf3 e6 6. Bd3 Bxd3 7. Qxd3 Ne7 8. Bg5 Qb6 9. Nbd2 Nf5 10. c4 Bb4 11. 0-0 Nd7 12. c5 Nxc5 13. dxc5 Bxc5 14. Nb3 Bf8 15. Nfd4 Ne7 16. Rac1 Rc8 17. Nc5 g6 18. Bxe7 Bxe7 19. Ncxe6 fxe6 20. Qxg6+ Kd8 21. Nxe6+ Kd7 22. Qf5 Ke8 23. Ng7+ Kd8 24. Rfd1 Rg8 25. Rxd5+ Kc7 26. Rd7+ Kb8 27. Rxe7 Rcf8 28. Rf7 Rd8 29. e6 Rxg7 30. Qe5+ Ka8 31. Rxg7 a6 32. e7 Re8 33. Rf7 Ka7 34. Rf8 Rxe7 35. Qd5 1-0